The drawing handbook : comprehensive, easy-to-master lessons on composition and techniques using pencil and pen & ink (Record no. 9445)

000 -LEADER
fixed length control field 00393nam a2200133 4500
003 - CONTROL NUMBER IDENTIFIER
control field OSt
005 - DATE AND TIME OF LATEST TRANSACTION
control field 20210622133058.0
008 - FIXED-LENGTH DATA ELEMENTS--GENERAL INFORMATION
fixed length control field 210622b ||||| |||| 00| 0 eng d
020 ## - INTERNATIONAL STANDARD BOOK NUMBER
International Standard Book Number 9780486481562
082 ## - DEWEY DECIMAL CLASSIFICATION NUMBER
Classification number 741.24
Item number LOH
100 ## - MAIN ENTRY--PERSONAL NAME
Personal name Lohan J Frank
245 ## - TITLE STATEMENT
Title The drawing handbook : comprehensive, easy-to-master lessons on composition and techniques using pencil and pen & ink
942 ## - ADDED ENTRY ELEMENTS (KOHA)
Source of classification or shelving scheme
Holdings
Withdrawn status Lost status Source of classification or shelving scheme Damaged status Koha normalized classification for sorting Not for loan Permanent location Current location Date acquired Total Checkouts Full call number Barcode Date last seen Date last borrowed Price effective from Koha item type
        741_240000000000000_LOH   BMS College of Architecture, Design and Planning BMS College of Architecture, Design and Planning 2021-06-22 3 741.24 LOH AR-UG2239 2023-10-31 2023-10-20 2021-06-22 UG Books
Copyright © 2025, The Librarian, Library and Information Centre, BMSCA D&P, Bengaluru. All Rights Reserved
web counter

Powered by Koha